| 000 | 00486nam a22001577a 4500 | ||
|---|---|---|---|
| 003 | SGT | ||
| 020 | _a8176352381 | ||
| 082 | _a006.74,DAR | ||
| 100 | _aDARNELL RICK | ||
| 245 | _aHTML 4 | ||
| 260 |
_aNEW DELHI _bDR.SINGH PVC SGT UNIVERSITY _c1999 |
||
| 300 | _a1285 | ||
| 650 | _aCOMPUTER SCIENCE | ||
| 653 | _aINTRODUCING HTML 4 7,STRUCTURAL AND NAVIGATIONAL HTML ELEMENT,HTML INTERACTIVITY,DEFINING WEB PAGE APPEARANCE,SCRIPTING AND THE DOCUMENT OBJECT MODEL | ||
| 942 |
_2ddc _cFCM |
||
| 999 |
_c8832 _d8832 |
||